Night in the Museum - Statistics

General Stats
  • This quiz has been taken 76 times
  • The average score is 13 of 74
Answer Stats
Hint Answer % Correct
πŸ’° b4
100%
πŸ’° b5
100%
πŸ’° b6
100%
πŸ’° b7
100%
πŸ’° c4
100%
πŸ’° c5
100%
πŸ’° c6
100%
πŸ’° c7
90%
πŸ’° d4
90%
πŸ’° d5
90%
πŸ’° d6
90%
πŸ“Ή stop
20%
πŸ“Ή stop
20%
πŸ’° d7
15%
πŸ’° e4
15%
πŸ“Ή stop
15%
πŸ“Ή stop
15%
stop
15%
πŸ’° e5
5%
πŸ’° e6
5%
πŸ’° e7
5%
πŸ’° g1
5%
πŸ’° g2
5%
πŸ’° g3
5%
πŸ’° g4
5%
πŸ’° h1
5%
πŸ’° h2
5%
πŸ’° h3
5%
πŸ’° h4
5%
πŸ’° i1
5%
πŸ’° i2
5%
πŸ’° i3
5%
πŸ’° i4
5%
πŸ’° j1
5%
πŸ’° j2
5%
πŸ’° j3
5%
πŸ’° j4
5%
πŸ’° k1
5%
πŸ’° k2
5%
πŸ’° k3
0%
πŸ’° k4
0%
πŸ’° k6
0%
πŸ’° k7
0%
πŸ’° k8
0%
πŸ’° l1
0%
πŸ’° l2
0%
πŸ’° l3
0%
πŸ’° l4
0%
πŸ’° l6
0%
πŸ’° l7
0%
πŸ’° l8
0%
πŸ’° m1
0%
πŸ’° m2
0%
πŸ’° m3
0%
πŸ’° m4
0%
πŸ’° m6
0%
πŸ’° m7
0%
πŸ’° m8
0%
πŸ’° n1
0%
πŸ’° n2
0%
πŸ’° n3
0%
πŸ’° n4
0%
πŸ’° n6
0%
πŸ’° n7
0%
πŸ’° n8
0%
🟒 stop
0%
🟒 stop
0%
🟒 stop
0%
🟒 stop
0%
stop
0%
stop
0%
stop
0%
stop
0%
stop
0%
No matching quizzes found
Score Distribution
Percent of People with Each Score
Percentile by Number Answered
Your Score History
You have not taken this quiz